[Event "LEM Nachwuchs M-V u12m 08.-12.02.2020"]
[Site "?"]
[Date "2020.02.10"]
[Round "4.7"]
[White "Hampe, Florian"]
[Black "Schloßmacher, Lenny"]
[Result "1-0"]
[WhiteElo "1010"]
[BlackElo "874"]
[PlyCount "51"]
[EventDate "2020.??.??"]
[WhiteTeam "Lok Pritzwalk"]
[BlackTeam "TSV Friedland"]

1. d4 d5 2. c4 e6 3. Nc3 Nc6 4. Nf3 Nf6 5. Bf4 Bd6 6. Bxd6 cxd6 7. e3 O-O 8.
cxd5 exd5 9. Bb5 Bg4 10. h3 Bh5 11. Be2 Bg6 12. O-O Rc8 13. Rc1 h6 14. Qb3 b6
15. Nxd5 Na5 16. Qb5 Nc6 17. Rxc6 a6 18. Rxc8 Qxc8 19. Qb3 Ne4 20. Ne7+ Kh8 21.
Nxc8 Rxc8 22. Bd3 Nf6 23. Bxg6 fxg6 24. Qxb6 Nd5 25. Qb7 Rg8 26. Qxd5 1-0

[Event "LEM Nachwuchs M-V u12m 08.-12.02.2020"]
[Site "?"]
[Date "2020.02.11"]
[Round "5.2"]
[White "Asmussen, Johann"]
[Black "Garde, Edgar Emil"]
[Result "1-0"]
[WhiteElo "1195"]
[BlackElo "941"]
[PlyCount "81"]
[EventDate "2020.??.??"]
[WhiteTeam "SG Jasmund"]
[BlackTeam "TuS Makkabi Rostock"]

1. e4 c5 2. Nf3 e6 3. Nc3 a6 4. g3 Nc6 5. Bg2 Qc7 6. O-O b5 7. d3 Nf6 8. d4 d5
9. exd5 exd5 10. Qe2+ Be6 11. Bf4 Bd6 12. Bxd6 Qxd6 13. dxc5 Qxc5 14. Ng5 Nd4
15. Qe3 h6 16. Nf3 Ne4 17. Nxd4 O-O 18. Nxe6 Qxe3 19. fxe3 fxe6 20. Rxf8+ Rxf8
21. Nxe4 dxe4 22. Bxe4 Rd8 23. Kf1 Rf8+ 24. Ke2 a5 25. a4 b4 26. c3 bxc3 27.
bxc3 Rc8 28. Rc1 Rc4 29. Bc2 Rxc3 30. Bh7+ Kxh7 31. Rxc3 g5 32. Rc5 Kg6 33.
Rxa5 Kf6 34. Rb5 e5 35. a5 Kf5 36. a6 h5 37. a7 Kg4 38. a8=Q Kh3 39. Qf3 Kxh2
40. Rb1 g4 41. Rh1# 1-0

[Event "LEM Nachwuchs M-V u12m 08.-12.02.2020"]
[Site "?"]
[Date "2020.02.11"]
[Round "5.3"]
[White "Drechsler, Andor"]
[Black "Adler, Florian"]
[Result "1-0"]
[WhiteElo "1227"]
[BlackElo "791"]
[PlyCount "93"]
[EventDate "2020.??.??"]
[WhiteTeam "SAV Torgelow"]
[BlackTeam "SV Gryps"]

1. c4 e5 2. Nc3 Nc6 3. g3 Nf6 4. Bg2 Bc5 5. e3 d6 6. Nge2 Bg4 7. O-O Nb4 8.
Bxb7 Rb8 9. Bg2 O-O 10. a3 Nd3 11. Qc2 Nxc1 12. Raxc1 Bxe2 13. Nxe2 g6 14. b4
Bxb4 15. axb4 Rxb4 16. Ra1 Rb7 17. Bxb7 Qb8 18. Bg2 Rd8 19. Qa4 d5 20. cxd5
Nxd5 21. Bxd5 Rxd5 22. Qxa7 Qxa7 23. Rxa7 Rxd2 24. Re1 Rc2 25. f4 exf4 26. exf4
c5 27. Rc7 c4 28. Kf2 h6 29. Ke3 Kg7 30. Kd4 h5 31. Rxc4 Rxc4+ 32. Kxc4 Kh6 33.
Nd4 g5 34. fxg5+ Kxg5 35. Re5+ Kg4 36. Rf5 Kh3 37. Rxh5+ Kg2 38. g4 Kf2 39.
Rf5+ Ke3 40. Rxf7 Ke4 41. h4 Ke5 42. g5 Ke4 43. g6 Ke5 44. g7 Ke4 45. g8=Q Ke5
46. Qf8 Ke4 47. Qe8# 1-0

[Event "LEM Nachwuchs M-V u12m 08.-12.02.2020"]
[Site "?"]
[Date "2020.02.11"]
[Round "5.4"]
[White "Briese, Paul"]
[Black "Ivanov, Alexander"]
[Result "0-1"]
[WhiteElo "1110"]
[BlackElo "1147"]
[PlyCount "84"]
[EventDate "2020.??.??"]
[WhiteTeam "SAV Torgelow"]
[BlackTeam "SSC Rostock"]

1. c4 f5 2. Nc3 Nf6 3. g3 e6 4. Bg2 Be7 5. d3 O-O 6. Nf3 d6 7. a3 e5 8. e4 fxe4
9. dxe4 Be6 10. b3 Nbd7 11. Be3 Ng4 12. O-O Nxe3 13. fxe3 Nc5 14. a4 a5 15. Rb1
Qd7 16. Qd2 Rf7 17. Qc2 Raf8 18. Rf2 Bh3 19. Rbf1 Qg4 20. Bxh3 Qxh3 21. Nd5 Bd8
22. Qb1 Qg4 23. Nd2 Rxf2 24. Rxf2 Rxf2 25. Kxf2 Qh5 26. Kg2 Qe2+ 27. Kh1 Qxd2
28. h4 c6 29. Qf1 cxd5 30. exd5 Ne4 31. Qf3 Qe1+ 32. Kh2 Qf2+ 33. Qxf2 Nxf2 34.
Kg2 Ne4 35. Kf3 Nd2+ 36. Ke2 Nxb3 37. Kd3 Nc5+ 38. Kc3 Nxa4+ 39. Kb3 Nc5+ 40.
Kc3 Ne4+ 41. Kd3 Nxg3 42. e4 Bxh4 0-1

[Event "LEM Nachwuchs M-V u12m 08.-12.02.2020"]
[Site "?"]
[Date "2020.02.11"]
[Round "5.6"]
[White "Baerens, Lennart"]
[Black "Brandt, Mattis"]
[Result "0-1"]
[WhiteElo "951"]
[BlackElo "1323"]
[PlyCount "48"]
[EventDate "2020.??.??"]
[WhiteTeam "SF Schwerin"]
[BlackTeam "Greifswalder SV"]

1. e4 c5 2. Nf3 e6 3. Nc3 a6 4. d4 cxd4 5. Nxd4 Qc7 6. Nf3 Nc6 7. Nd4 Nxd4 8.
Qxd4 d6 9. Bf4 e5 10. Nd5 Qxc2 11. Bxe5 dxe5 12. Qxe5+ Be6 13. Nc7+ Kd8 14.
Nxa8 Bb4+ 15. Qc3 Bxc3+ 16. bxc3 Qxc3+ 17. Kd1 Qxa1+ 18. Ke2 Bc4+ 19. Ke3 Bxf1
20. Nb6 Qc3+ 21. Kf4 Qf6+ 22. Ke3 Qxb6+ 23. Kd2 Qxf2+ 24. Kd1 Qxg2 0-1

[Event "LEM Nachwuchs M-V u12m 08.-12.02.2020"]
[Site "?"]
[Date "2020.02.11"]
[Round "5.7"]
[White "Peilert, Maximilian"]
[Black "Hampe, Florian"]
[Result "1/2-1/2"]
[WhiteElo "1044"]
[BlackElo "1010"]
[PlyCount "32"]
[EventDate "2020.??.??"]
[WhiteTeam "Think Rochade"]
[BlackTeam "Lok Pritzwalk"]

1. d4 Nf6 2. Bf4 g6 3. Nc3 Bg7 4. e4 d6 5. Nf3 Bg4 6. h3 Bxf3 7. Qxf3 O-O 8. d5
Nbd7 9. Bd3 Rc8 10. O-O c5 11. Rfe1 Qb6 12. Bb5 Rfe8 13. Rab1 a6 14. Bc4 Qc7
15. a3 b5 16. Ba2 Qa5 1/2-1/2

[Event "LEM Nachwuchs M-V u12m 08.-12.02.2020"]
[Site "?"]
[Date "2020.02.11"]
[Round "5.8"]
[White "Schloßmacher, Lenny"]
[Black "Fritsch, Friedrich"]
[Result "1-0"]
[WhiteElo "874"]
[BlackElo "903"]
[PlyCount "55"]
[EventDate "2020.??.??"]
[WhiteTeam "TSV Friedland"]
[BlackTeam "SG Jasmund"]

1. e4 e5 2. Nf3 Nc6 3. Bc4 Nf6 4. Nc3 Bc5 5. d3 h6 6. Be3 Bxe3 7. fxe3 d6 8.
Qd2 O-O 9. d4 exd4 10. exd4 Qe7 11. Qe2 b6 12. e5 Ng4 13. Nd5 Qd7 14. O-O-O Bb7
15. Bb5 a6 16. Bxc6 Bxc6 17. Ne3 Nxe3 18. Qxe3 Qe6 19. Rhf1 Qxa2 20. Ng5 hxg5
21. Qxg5 Qa1+ 22. Kd2 Qxb2 23. Rf3 Qxd4+ 24. Kc1 Qc5 25. Rg3 g6 26. Qh6 Qxe5
27. Rh3 Bd7 28. Qh7# 1-0

[Event "LEM Nachwuchs M-V u12m 08.-12.02.2020"]
[Site "?"]
[Date "2020.02.11"]
[Round "6.1"]
[White "Asmussen, Johann"]
[Black "Müller, Mitja"]
[Result "1/2-1/2"]
[WhiteElo "1195"]
[BlackElo "1265"]
[PlyCount "129"]
[EventDate "2020.??.??"]
[WhiteTeam "SG Jasmund"]
[BlackTeam "TuS Makkabi Rostock"]

1. e4 c5 2. Nf3 e6 3. Nc3 a6 4. g3 Qc7 5. Bg2 Be7 6. O-O Nc6 7. d4 cxd4 8. Nxd4
b5 9. Nxc6 dxc6 10. Bf4 e5 11. Be3 Nf6 12. Qd2 O-O 13. f4 Ng4 14. Bf3 Nxe3 15.
Qxe3 Bh3 16. Bg2 Bxg2 17. Kxg2 exf4 18. Rxf4 Bg5 19. Ne2 Bxf4 20. Nxf4 Rfe8 21.
Nh5 Qe5 22. Qf3 Qxe4 23. Qxe4 Rxe4 24. Kf3 Rae8 25. Rd1 Re3+ 26. Kg2 Re2+ 27.
Kf3 g6 28. Nf6+ Kg7 29. Nxe8+ Rxe8 30. Rd7 c5 31. Ra7 Re6 32. c3 Rf6+ 33. Ke3
Re6+ 34. Kf3 Kf8 35. b3 Rf6+ 36. Kg2 Ke8 37. Ra8+ Kd7 38. Ra7+ Kc8 39. Ra8+ Kb7
40. Rd8 Kb6 41. g4 Ka5 42. Rh8 c4 43. bxc4 bxc4 44. Rxh7 Ka4 45. h4 Ka3 46. h5
gxh5 47. gxh5 Kb2 48. Rh8 Kxc3 49. h6 Kc2 50. h7 Rh6 51. Kg3 Kc1 52. Kg4 c3 53.
Kg5 Rxh7 54. Rxh7 c2 55. Rxf7 Kb2 56. Rf2 Kb1 57. Rxc2 Kxc2 58. Kf4 a5 59. Ke3
a4 60. a3 Kb3 61. Kd2 Kxa3 62. Kc1 Kb3 63. Kb1 Kb4 64. Kb2 a3+ 65. Ka2 1/2-1/2

[Event "LEM Nachwuchs M-V u12m 08.-12.02.2020"]
[Site "?"]
[Date "2020.02.11"]
[Round "6.3"]
[White "Garde, Edgar Emil"]
[Black "Drechsler, Andor"]
[Result "0-1"]
[WhiteElo "941"]
[BlackElo "1227"]
[PlyCount "86"]
[EventDate "2020.??.??"]
[WhiteTeam "TuS Makkabi Rostock"]
[BlackTeam "SAV Torgelow"]

1. e4 c6 2. Nf3 d5 3. e5 Bf5 4. d4 e6 5. Bd3 Bxd3 6. Qxd3 c5 7. c3 Nc6 8. O-O
Nge7 9. Be3 c4 10. Qd2 Ng6 11. Bg5 Be7 12. Bxe7 Qxe7 13. Qg5 Qxg5 14. Nxg5 O-O
15. Nd2 b5 16. b3 b4 17. cxb4 c3 18. Ndf3 Nxb4 19. Rfc1 h6 20. Nh3 Rac8 21. g3
f6 22. a3 fxe5 23. Nxe5 Nxe5 24. dxe5 Nd3 25. Rc2 Nxe5 26. Nf4 Rfe8 27. Kg2 g5
28. Re1 gxf4 29. Rxe5 fxg3 30. hxg3 d4 31. Kf3 d3 32. Rc1 d2 33. Rf1 c2 34. Kg2
d1=Q 35. Re3 Qxf1+ 36. Kxf1 c1=Q+ 37. Kg2 Qxe3 38. fxe3 Rc3 39. e4 Rxb3 40. a4
Kh7 41. e5 Rg8 42. a5 Rgxg3+ 43. Kh2 Rgc3 0-1

[Event "LEM Nachwuchs M-V u12m 08.-12.02.2020"]
[Site "?"]
[Date "2020.02.11"]
[Round "6.4"]
[White "Wellßow, Lio Keanu"]
[Black "Brandt, Mattis"]
[Result "1-0"]
[WhiteElo "1187"]
[BlackElo "1323"]
[PlyCount "129"]
[EventDate "2020.??.??"]
[WhiteTeam "SG Jasmund"]
[BlackTeam "Greifswalder SV"]

1. d4 d5 2. c4 dxc4 3. e4 c5 4. Nf3 cxd4 5. Nxd4 e5 6. Nf3 Qxd1+ 7. Kxd1 Nc6 8.
Bxc4 Bc5 9. Ke2 Bg4 10. Re1 Nd4+ 11. Kf1 Bxf3 12. gxf3 Nc2 13. Bb5+ Ke7 14. Be3
Bxe3 15. fxe3 Nxe1 16. Kxe1 Nf6 17. Nc3 a6 18. Ba4 b5 19. Nxb5 axb5 20. Bxb5
Rab8 21. a4 Rb6 22. Rc1 Rd8 23. Rc7+ Nd7 24. f4 exf4 25. exf4 Kd6 26. Rc4 Ke6
27. Rb4 Nc5 28. Bc4+ Ke7 29. Rxb6 Nxe4 30. a5 Nd6 31. Rb4 Ra8 32. Ra4 Nxc4 33.
Rxc4 Rxa5 34. Rc1 Ra2 35. Rb1 Ra5 36. b4 Rb5 37. Kd2 Kd6 38. Kc3 Rf5 39. b5 Kc7
40. Kb4 Kb6 41. Kc3 Rc5+ 42. Kd4 Rf5 43. Ke4 g6 44. Rd1 Rxb5 45. Rd6+ Kc7 46.
Rf6 Kd7 47. Rxf7+ Ke6 48. Rxh7 Rb4+ 49. Kf3 Kf5 50. Rf7+ Ke6 51. Rc7 Kf5 52.
Rc5+ Kf6 53. h4 Ra4 54. h5 gxh5 55. Rxh5 Kg7 56. Kg4 Ra6 57. f5 Kf8 58. Kg5 Ke8
59. Rh7 Kf8 60. Rb7 Ke8 61. f6 Ra1 62. Kg6 Rg1+ 63. Kh7 Rh1+ 64. Kg8 Rg1+ 65.
Rg7 1-0

[Event "LEM Nachwuchs M-V u12m 08.-12.02.2020"]
[Site "?"]
[Date "2020.02.11"]
[Round "6.5"]
[White "Adler, Florian"]
[Black "Hampe, Florian"]
[Result "1/2-1/2"]
[WhiteElo "791"]
[BlackElo "1010"]
[PlyCount "83"]
[EventDate "2020.??.??"]
[WhiteTeam "SV Gryps"]
[BlackTeam "Lok Pritzwalk"]

1. e4 e5 2. Nf3 Nc6 3. Nc3 Bc5 4. Bb5 Nf6 5. d3 d6 6. Bg5 h6 7. Bh4 g5 8. Bg3
Bd7 9. Qd2 Qe7 10. O-O-O O-O-O 11. Bc4 Be6 12. Bxe6+ Qxe6 13. Rhe1 Rhg8 14. h4
g4 15. Nh2 h5 16. f3 Rh8 17. Qe2 Nd4 18. Qf1 Rdg8 19. f4 exf4 20. Qxf4 Nd7 21.
Bf2 Rf8 22. b3 Qf6 23. Qxf6 Nxf6 24. e5 Nd7 25. exd6 cxd6 26. Nd5 Nb6 27. c3
Nxd5 28. Bxd4 Bxd4 29. cxd4 Nc3 30. Rd2 f5 31. Rc2 g3 32. Rxc3+ Kd7 33. Nf1 f4
34. Re4 d5 35. Re5 Rhg8 36. Kd2 f3 37. gxf3 g2 38. Rxd5+ Ke6 39. Re5+ Kd6 40.
Rcc5 g1=Q 41. Red5+ Ke6 42. Re5+ 1/2-1/2

[Event "LEM Nachwuchs M-V u12m 08.-12.02.2020"]
[Site "?"]
[Date "2020.02.11"]
[Round "6.6"]
[White "Baerens, Lennart"]
[Black "Briese, Paul"]
[Result "0-1"]
[WhiteElo "951"]
[BlackElo "1110"]
[PlyCount "91"]
[EventDate "2020.??.??"]
[WhiteTeam "SF Schwerin"]
[BlackTeam "SAV Torgelow"]

1. e4 c6 2. Nc3 d5 3. d4 Nd7 4. Bf4 Nb6 5. exd5 Nxd5 6. Nxd5 cxd5 7. Bb5+ Bd7
8. Bxd7+ Qxd7 9. Qd3 Nf6 10. f3 e6 11. O-O-O Be7 12. Ne2 Rc8 13. Bg5 h6 14.
Bxf6 Bxf6 15. Rhe1 Qc6 16. Rd2 b5 17. b3 a6 18. Nc3 Qxc3 19. Qxc3 Rxc3 20. Kb2
Rc7 21. Rd3 Bg5 22. Rde3 Bxe3 23. Rxe3 O-O 24. b4 Rfc8 25. c3 g5 26. g4 Rc6 27.
h3 Kf8 28. Kb3 Re8 29. Kb2 f5 30. a3 fxg4 31. fxg4 Kg7 32. Rf3 e5 33. dxe5 Rxe5
34. Kb3 Ree6 35. Kc2 Rcd6 36. Rd3 Re4 37. Kd2 d4 38. Rf3 dxc3+ 39. Kxc3 Rc4+
40. Kb3 Rcd4 41. Rf2 Rd3+ 42. Kc2 Rxh3 43. Kb2 Rhd3 44. Rc2 Rd2 45. Kc3 Rxc2+
46. Kxc2 0-1

[Event "LEM Nachwuchs M-V u12m 08.-12.02.2020"]
[Site "?"]
[Date "2020.02.11"]
[Round "6.8"]
[White "Schloßmacher, Lenny"]
[Black "Hempel, Johannes"]
[Result "1-0"]
[WhiteElo "874"]
[BlackElo "752"]
[PlyCount "61"]
[EventDate "2020.??.??"]
[WhiteTeam "TSV Friedland"]
[BlackTeam "SV Anklam"]

1. e4 e5 2. Nf3 Nc6 3. Bc4 f6 4. d3 Bb4+ 5. Nc3 Nd4 6. a3 Bc5 7. b4 Bb6 8. Be3
d6 9. O-O Qd7 10. Nd5 c5 11. c3 Ne7 12. cxd4 cxd4 13. Bd2 O-O 14. Nxb6+ Kh8 15.
Nxd7 Bxd7 16. Qb3 Rae8 17. Be6 Bxe6 18. Qxe6 d5 19. exd5 e4 20. Nxd4 Nc8 21.
Qg4 exd3 22. Nf5 Rg8 23. Rfe1 Ref8 24. Re3 g6 25. Nh6 f5 26. Qc4 Rg7 27. Bc3
Nd6 28. Bxg7+ Kxg7 29. Re7+ Kh8 30. Qd4+ Rf6 31. Qxf6# 1-0

[Event "LEM Nachwuchs M-V u12m 08.-12.02.2020"]
[Site "?"]
[Date "2020.02.11"]
[Round "6.9"]
[White "Fritsch, Friedrich"]
[Black "Wandelt, Moritz"]
[Result "0-1"]
[WhiteElo "903"]
[BlackElo "859"]
[PlyCount "102"]
[EventDate "2020.??.??"]
[WhiteTeam "SG Jasmund"]
[BlackTeam "SAV Torgelow"]

1. e4 c5 2. Nc3 e6 3. Nf3 a6 4. a3 Be7 5. Bc4 Nf6 6. O-O b5 7. Ba2 Bb7 8. d3
O-O 9. h3 Qc7 10. Nh2 d5 11. Qf3 Rd8 12. Qg3 Bd6 13. f4 dxe4 14. dxe4 Nxe4 15.
Nxe4 Bxe4 16. Nf3 Bxc2 17. Qg4 Bxf4 18. Bxf4 Qd7 19. Bh6 f5 20. Qg5 Kh8 21.
Bxg7+ Qxg7 22. Qxg7+ Kxg7 23. Bxe6 Nc6 24. Nh4 Nd4 25. Nxf5+ Nxf5 26. Bxf5 Bxf5
27. Rxf5 c4 28. Raf1 Rf8 29. Rg5+ Kh6 30. Rxf8 Rxf8 31. Rg3 Rf4 32. b3 cxb3 33.
Rxb3 Kg5 34. Rg3+ Kf5 35. Rg7 h5 36. Ra7 Ra4 37. Rf7+ Kg6 38. Rb7 Rxa3 39. Rb6+
Kg5 40. Rc6 b4 41. Rc5+ Kh6 42. g4 b3 43. gxh5 b2 44. Rc6+ Kxh5 45. Rb6 Ra2 46.
Kg2 b1=Q+ 47. Kg3 Qxb6 48. h4 Ra4 49. Kh3 Qb3+ 50. Kh2 Ra2+ 51. Kg1 Qb1# 0-1

[Event "LEM Nachwuchs M-V u12m 08.-12.02.2020"]
[Site "?"]
[Date "2020.02.12"]
[Round "7.1"]
[White "Müller, Mitja"]
[Black "Drechsler, Andor"]
[Result "1/2-1/2"]
[WhiteElo "1265"]
[BlackElo "1227"]
[PlyCount "59"]
[EventDate "2020.??.??"]
[WhiteTeam "TuS Makkabi Rostock"]
[BlackTeam "SAV Torgelow"]

1. d4 Nf6 2. c4 g6 3. Nc3 Bg7 4. Nf3 O-O 5. Bf4 d6 6. e3 Nbd7 7. Bd3 c6 8. O-O
Qe8 9. Nd2 Nh5 10. Re1 Nxf4 11. exf4 Bxd4 12. Nf3 Bg7 13. Qe2 e6 14. Ne4 Qe7
15. Neg5 h6 16. Ne4 f5 17. Neg5 hxg5 18. Nxg5 Nc5 19. Qf3 Bf6 20. h4 Bxg5 21.
hxg5 Nxd3 22. Qxd3 Re8 23. Qh3 b5 24. cxb5 cxb5 25. Rac1 Bb7 26. Kh2 Qh7 27.
Qxh7+ Kxh7 28. Rc7+ Kg8 29. Rxb7 a6 30. Rh1 1/2-1/2

[Event "LEM Nachwuchs M-V u12m 08.-12.02.2020"]
[Site "?"]
[Date "2020.02.12"]
[Round "7.2"]
[White "Ivanov, Alexander"]
[Black "Asmussen, Johann"]
[Result "1-0"]
[WhiteElo "1147"]
[BlackElo "1195"]
[PlyCount "51"]
[EventDate "2020.??.??"]
[WhiteTeam "SSC Rostock"]
[BlackTeam "SG Jasmund"]

1. d4 d5 2. c4 e6 3. Nc3 Bb4 4. a3 Bxc3+ 5. bxc3 Nc6 6. Nf3 h6 7. Bf4 Nf6 8. e3
O-O 9. Bd3 Nh5 10. g3 g5 11. Nxg5 Nxf4 12. gxf4 hxg5 13. Rg1 f6 14. Qh5 Rf7 15.
fxg5 Rg7 16. g6 f5 17. Rg3 Ne7 18. O-O-O Qe8 19. Rdg1 Bd7 20. f3 dxc4 21. Bxc4
b5 22. Bd3 Rb8 23. e4 Rb6 24. e5 Nd5 25. Rh3 Ne7 26. Qh8# 1-0

[Event "LEM Nachwuchs M-V u12m 08.-12.02.2020"]
[Site "?"]
[Date "2020.02.12"]
[Round "7.4"]
[White "Hampe, Florian"]
[Black "Briese, Paul"]
[Result "1-0"]
[WhiteElo "1010"]
[BlackElo "1110"]
[PlyCount "53"]
[EventDate "2020.??.??"]
[WhiteTeam "Lok Pritzwalk"]
[BlackTeam "SAV Torgelow"]

1. d4 d5 2. c4 c6 3. Nc3 e6 4. Nf3 Bb4 5. Bd2 Nf6 6. e3 dxc4 7. Bxc4 Nbd7 8.
O-O Nb6 9. Bd3 O-O 10. Qb3 Bxc3 11. Bxc3 Qd5 12. Qd1 Bd7 13. b3 Rfe8 14. Ne5
Bc8 15. Rc1 Nfd7 16. Nf3 Nf6 17. Re1 Rd8 18. e4 Qd7 19. Ne5 Qe7 20. Qd2 Nbd7
21. Bb4 Qe8 22. Nc4 e5 23. Nd6 Qe6 24. Bc4 Qg4 25. Nxf7 Qh4 26. g3 Qh3 27. Ng5+
1-0

[Event "LEM Nachwuchs M-V u12m 08.-12.02.2020"]
[Site "?"]
[Date "2020.02.12"]
[Round "7.5"]
[White "Brandt, Mattis"]
[Black "Adler, Florian"]
[Result "1-0"]
[WhiteElo "1323"]
[BlackElo "791"]
[PlyCount "57"]
[EventDate "2020.??.??"]
[WhiteTeam "Greifswalder SV"]
[BlackTeam "SV Gryps"]

1. e4 e5 2. Nf3 Nc6 3. d4 Bd6 4. Bc4 h6 5. Nc3 Nf6 6. O-O b6 7. d5 Ne7 8. Nb5
Bc5 9. Nxe5 d6 10. Nc6 Nxc6 11. dxc6 Nxe4 12. Qf3 Nf6 13. Re1+ Kf8 14. a3 d5
15. Bb3 g6 16. Nc3 d4 17. Ne4 Kg7 18. h3 Rf8 19. Nxf6 Qxf6 20. Bxh6+ Kxh6 21.
Qxf6 Be6 22. Qh4+ Kg7 23. Bxe6 fxe6 24. Rxe6 Rfe8 25. Qf6+ Kg8 26. Qxg6+ Kf8
27. Rf6+ Ke7 28. Qg7+ Kd8 29. Qd7# 1-0

[Event "LEM Nachwuchs M-V u12m 08.-12.02.2020"]
[Site "?"]
[Date "2020.02.12"]
[Round "7.6"]
[White "Peilert, Maximilian"]
[Black "Schloßmacher, Lenny"]
[Result "1-0"]
[WhiteElo "1044"]
[BlackElo "874"]
[PlyCount "81"]
[EventDate "2020.??.??"]
[WhiteTeam "Think Rochade"]
[BlackTeam "TSV Friedland"]

1. d4 d5 2. Bf4 Bf5 3. e3 Nc6 4. Bd3 e6 5. Nf3 Nf6 6. Nc3 Bd6 7. Ne5 O-O 8. a3
h6 9. h3 Ne4 10. O-O Re8 11. Re1 Qf6 12. Bb5 Bxe5 13. Bxe5 Nxe5 14. dxe5 Qxe5
15. Bxe8 Rxe8 16. Qd4 Qd6 17. Rac1 c5 18. Qd1 Qe7 19. Nxe4 dxe4 20. Qh5 Bg6 21.
Qe2 Qg5 22. Qg4 Qe5 23. c3 Bh5 24. Qf4 Qxf4 25. exf4 Rd8 26. Rxe4 Bg6 27. Re5
Bf5 28. Rxc5 b6 29. Rc7 Re8 30. Rd1 e5 31. fxe5 Rxe5 32. Rxa7 Re6 33. Rd8+ Kh7
34. Rxf7 Rg6 35. Rxf5 Re6 36. Rb5 Re1+ 37. Kh2 g5 38. Rxb6 h5 39. Rd7+ Kg8 40.
Rb8+ Re8 41. Rxe8# 1-0

[Event "LEM Nachwuchs M-V u12m 08.-12.02.2020"]
[Site "?"]
[Date "2020.02.12"]
[Round "7.8"]
[White "Wandelt, Moritz"]
[Black "Baerens, Lennart"]
[Result "1-0"]
[WhiteElo "859"]
[BlackElo "951"]
[PlyCount "95"]
[EventDate "2020.??.??"]
[WhiteTeam "SAV Torgelow"]
[BlackTeam "SF Schwerin"]

1. e4 e5 2. Nf3 Nc6 3. d4 d6 4. Bb5 Bd7 5. d5 Nce7 6. Bxd7+ Qxd7 7. Nc3 O-O-O
8. Qe2 a6 9. Ng5 Ng6 10. Qf3 f6 11. Ne6 Re8 12. Qe3 Kb8 13. a4 Nf4 14. Nxf4
exf4 15. Qxf4 f5 16. O-O Nf6 17. Qxf5 Qxf5 18. exf5 Re5 19. Bd2 Rxf5 20. Rae1
g6 21. b4 Bg7 22. b5 axb5 23. axb5 Re8 24. Rxe8+ Nxe8 25. Re1 Nf6 26. Re7 Bf8
27. Rf7 Ng4 28. Rxf5 gxf5 29. f3 Bh6 30. Bxh6 Nxh6 31. Kf2 c6 32. bxc6 bxc6 33.
dxc6 Kc7 34. Nd5+ Kxc6 35. Nf6 Nf7 36. Nxh7 Kd5 37. g4 fxg4 38. fxg4 Ke5 39. g5
Kf5 40. h4 Kg6 41. Nf6 Nxg5 42. hxg5 Kxg5 43. Ne4+ Kf4 44. Nxd6 Ke5 45. Nb7 Kd4
46. Ke2 Kc3 47. Kd1 Kb2 48. c4 1-0

[Event "LEM Nachwuchs M-V u10 08.-12.02.2020"]
[Site "Aula Fleesenseeschule Malch"]
[Date "2020.02.08"]
[Round "1.1"]
[White "Quade, Felicia"]
[Black "Herrmann, Jakob"]
[Result "0-1"]
[WhiteElo "772"]
[BlackElo "1453"]
[PlyCount "60"]
[EventDate "2020.02.11"]
[WhiteTeam "SF Schwerin"]
[BlackTeam "SAV Torgelow"]

1. e4 c5 2. Nf3 Nc6 3. Nc3 g6 4. Bb5 Bg7 5. Bxc6 bxc6 6. d3 Nf6 7. Bg5 O-O 8.
Bxf6 Bxf6 9. O-O d5 10. h3 e5 11. exd5 cxd5 12. a3 Rb8 13. Rb1 Ba6 14. b4 cxb4
15. axb4 e4 16. dxe4 Bxf1 17. Qxf1 Bxc3 18. Qd3 Rxb4 19. Rc1 Bb2 20. Rb1 dxe4
21. Qxd8 Rxd8 22. Ne1 Bc3 23. Ra1 Bxa1 24. Kh2 Rd1 25. Nf3 exf3 26. gxf3 Be5+
27. Kg2 Rbb1 28. h4 Rg1+ 29. Kh3 Rh1+ 30. Kg2 Rbg1# 0-1

[Event "LEM Nachwuchs M-V u10 08.-12.02.2020"]
[Site "Aula Fleesenseeschule Malch"]
[Date "2020.02.08"]
[Round "1.2"]
[White "Stepanjan, Tatevik Mia"]
[Black "Wilke, Ronja"]
[Result "1-0"]
[WhiteElo "1110"]
[BlackElo "729"]
[PlyCount "51"]
[EventDate "2020.02.11"]
[WhiteTeam "ESV Wittenberge"]
[BlackTeam "SAV Torgelow"]

1. e4 e5 2. Nf3 Nc6 3. Bb5 Bb4 4. Nc3 Nf6 5. d3 d6 6. O-O O-O 7. Bg5 Bg4 8. h3
Bxf3 9. Qxf3 a6 10. Bxc6 bxc6 11. Bxf6 Qxf6 12. Qxf6 gxf6 13. Rad1 Kh8 14. d4
Rg8 15. dxe5 f5 16. exd6 Bxd6 17. exf5 Rad8 18. f6 Rdf8 19. Ne4 Be5 20. b4 Rg6
21. Rd7 Rfg8 22. g4 Rh6 23. Rfd1 Rxh3 24. Rd8 Rh2 25. Rxg8+ Kxg8 26. Rd8# 1-0

[Event "LEM Nachwuchs M-V u10 08.-12.02.2020"]
[Site "Aula Fleesenseeschule Malch"]
[Date "2020.02.09"]
[Round "2.1"]
[White "Herrmann, Jakob"]
[Black "Waschitzek, Sig"]
[Result "1-0"]
[WhiteElo "1453"]
[BlackElo "773"]
[PlyCount "59"]
[EventDate "2020.02.11"]
[WhiteTeam "SAV Torgelow"]
[BlackTeam "SG Neubrandenburg"]

1. e4 e5 2. Nf3 Nc6 3. d4 Nxd4 4. Nxd4 Bb4+ 5. c3 Ba5 6. Nf3 Nf6 7. Nxe5 O-O 8.
Nc4 Nxe4 9. Nxa5 d6 10. Be2 Ng3 11. hxg3 Bf5 12. Nxb7 Qf6 13. Qd4 Qg6 14. Na3
Qe6 15. Be3 a6 16. Qc4 Qe5 17. Qf4 Qe6 18. O-O a5 19. Nc4 Qf6 20. Nbxa5 h6 21.
Nb3 Kh7 22. Nd4 Rh8 23. Qxf5+ Kg8 24. Qxf6 gxf6 25. Nb5 Kg7 26. Nxc7 Rag8 27.
Nxd6 Rh7 28. Nf5+ Kf8 29. Rad1 Rg5 30. Rd8# 1-0

[Event "LEM Nachwuchs M-V u10 08.-12.02.2020"]
[Site "Aula Fleesenseeschule Malch"]
[Date "2020.02.09"]
[Round "2.6"]
[White "Weinert, Karl"]
[Black "Wilke, Ronja"]
[Result "1-0"]
[WhiteElo "889"]
[BlackElo "729"]
[PlyCount "37"]
[EventDate "2020.02.11"]
[WhiteTeam "HSG Stralsund"]
[BlackTeam "SAV Torgelow"]

1. Nf3 Nc6 2. e4 e5 3. Bc4 Nf6 4. Nc3 Bc5 5. O-O d6 6. Ng5 O-O 7. Qf3 Bg4 8.
Qg3 Qd7 9. Kh1 Nh5 10. Qh4 h6 11. Re1 hxg5 12. Qxg5 Nf4 13. Rg1 Bxf2 14. d3
Bxg1 15. Bxf4 exf4 16. Nd5 Be3 17. Nf6+ Kh8 18. Qh4+ Bh5 19. Qxh5# 1-0

[Event "LEM Nachwuchs M-V u10 08.-12.02.2020"]
[Site "Aula Fleesenseeschule Malch"]
[Date "2020.02.09"]
[Round "3.1"]
[White "Eschrig, Immanuel"]
[Black "Herrmann, Jakob"]
[Result "0-1"]
[WhiteElo "886"]
[BlackElo "1453"]
[PlyCount "44"]
[EventDate "2020.02.11"]
[WhiteTeam "Greifswalder SV"]
[BlackTeam "SAV Torgelow"]

1. e4 c5 2. Nf3 Nc6 3. c3 d5 4. exd5 Qxd5 5. d4 Bg4 6. h3 Bxf3 7. Qxf3 Qxf3 8.
gxf3 cxd4 9. cxd4 Nxd4 10. Nd2 Nf6 11. Bd3 e6 12. b3 Bb4 13. Be4 Nxe4 14. fxe4
Nc2+ 15. Kd1 Nxa1 16. Bb2 Rd8 17. Bxg7 Rg8 18. Rg1 Rxd2+ 19. Kc1 Kd7 20. Bc3
Rc2+ 21. Kd1 Rxg1+ 22. Be1 Rxe1# 0-1